Loading...
| History - Other | 0 | 3 | 0 | 0 | 30 | 73 | 93.00 | 0 | 1 | 5.97 | 12.20 |
| Fine Arts - Visual | 0 | 3 | 1 | 0 | 25 | 106 | 114.00 | 0 | 0 | 3.89 | 15.63 |
| Social Science | 0 | 3 | 1 | 0 | 25 | 76 | 88.33 | 0 | 2 | 6.22 | 14.14 |
| Philosophy | 0 | 2 | 0 | 2 | 20 | 122 | 125.00 | 0 | 0 | 0.00 | 5.09 |
| Religion | 0 | 2 | 0 | 0 | 20 | 93 | 101.50 | 0 | 1 | 2.46 | 6.25 |
| Science - Chemistry | 0 | 2 | 0 | 0 | 20 | 77 | 98.50 | 0 | 1 | 2.79 | 12.70 |
| Literature - American | 0 | 2 | 0 | 0 | 20 | 122 | 128.00 | 0 | 0 | 1.09 | 6.25 |
| Literature - British | 0 | 2 | 0 | 0 | 20 | 130 | 134.50 | 0 | 1 | 0.39 | 4.17 |
| Literature - European | 0 | 2 | 0 | 1 | 20 | 108 | 122.00 | 0 | 0 | 1.25 | 3.13 |
| Science - Other | 0 | 2 | 0 | 2 | 20 | 111 | 116.50 | 0 | 0 | 0.00 | 2.89 |
| Science - Biology | 0 | 2 | 1 | 0 | 15 | 46 | 56.50 | 1 | 2 | 9.51 | 14.29 |
| History - European | 0 | 1 | 0 | 0 | 10 | 127 | 127.00 | 0 | 0 | 0.07 | 2.08 |
| History - World | 0 | 1 | 0 | 0 | 10 | 79 | 79.00 | 0 | 0 | 3.07 | 5.21 |
| Mythology | 0 | 1 | 0 | 1 | 10 | 148 | 148.00 | 0 | 0 | 0.00 | 1.04 |
| Science - Physics | 0 | 1 | 0 | 0 | 10 | 124 | 124.00 | 0 | 0 | 0.13 | 4.63 |
| Geography/Current Events | 0 | 1 | 1 | 1 | 5 | 133 | 133.00 | 0 | 0 | 0.00 | 1.79 |
| History - American | 0 | 1 | 3 | 0 | -5 | 91 | 91.00 | 0 | 0 | 1.74 | 4.17 |